00537 2200205 4500001002100000005001700021008004100038035002400079082001100103090001900114245005400133260001800187300002200205650003500227700002100262850001200283980001500295985000600310999001500316YOGYA-0209000005233920090227032936.0 ind  0010-020900000052339 a499.27 a499.27bStrlT aStruktur bahasa tobelocE.J.F. Rugebregt [et.al.] aJakartac1986 aix, 65 hlmc21 cm aBahasa daerah kepulauan Maluku aRUGEBREGT, E.J.F aYOPDYOG a27-11-2007 a1 aA000001235